| 000 | 00588nam a2200205Ii 4500 | ||
|---|---|---|---|
| 003 | JO-AjNU | ||
| 008 | 230606s9999||||xx |||||||||||||| ||und|| | ||
| 020 | _a978-81-89922-93-1 | ||
| 040 |
_aJO-AjNU _beng _erda _cJO-AjNU |
||
| 041 | _aeng | ||
| 050 | 1 | 4 | _aTA683.2 2014 |
| 100 | 3 |
_aKhan, Naseer, _eauthor _94453 |
|
| 245 | 0 | 0 | _aReinforced concrete structures |
| 264 | 3 | 1 | _aNew Delhi : venus book ,2014 |
| 300 | _a304p | ||
| 336 |
_atext _btxt _2rdacontent |
||
| 337 |
_aunmediated _bn _2rdamedia |
||
| 338 |
_avolume _bnc _2rdacarrier |
||
| 650 | 4 |
_aReinforced concrete structures _94454 |
|
| 999 |
_aE2312 _c2310 _d2310 |
||